<?xml version="1.0" encoding="UTF-8"?>
<record
    xmlns:xsi="http://www.w3.org/2001/XMLSchema-instance"
    xsi:schemaLocation="http://www.loc.gov/MARC21/slim http://www.loc.gov/standards/marcxml/schema/MARC21slim.xsd"
    xmlns="http://www.loc.gov/MARC21/slim">

  <leader>00256nam a2200109Ia 4500</leader>
  <controlfield tag="008">180213s9999||||xx |||||||||||||| ||und||</controlfield>
  <datafield tag="020" ind1=" " ind2=" ">
    <subfield code="a">9789862729885</subfield>
  </datafield>
  <datafield tag="100" ind1=" " ind2=" ">
    <subfield code="a">&#x738B;&#x660E;&#x9245;</subfield>
  </datafield>
  <datafield tag="245" ind1=" " ind2="0">
    <subfield code="c">&#x738B;&#x660E;&#x9245;</subfield>
    <subfield code="a">&#x7FFB;&#x8F49;&#x91AB;&#x7642;</subfield>
  </datafield>
  <datafield tag="250" ind1=" " ind2=" ">
    <subfield code="a">&#x521D;&#x7248;</subfield>
  </datafield>
  <datafield tag="260" ind1=" " ind2=" ">
    <subfield code="c">2016</subfield>
    <subfield code="a">&#x53F0;&#x5317;&#x5E02;</subfield>
  </datafield>
  <datafield tag="942" ind1=" " ind2=" ">
    <subfield code="2">ccl</subfield>
    <subfield code="c">BOOK</subfield>
  </datafield>
  <datafield tag="999" ind1=" " ind2=" ">
    <subfield code="c">4275</subfield>
    <subfield code="d">4275</subfield>
  </datafield>
  <datafield tag="952" ind1=" " ind2=" ">
    <subfield code="0">0</subfield>
    <subfield code="1">0</subfield>
    <subfield code="4">0</subfield>
    <subfield code="7">0</subfield>
    <subfield code="a">yeezen</subfield>
    <subfield code="b">yeezen</subfield>
    <subfield code="d">2018-02-13</subfield>
    <subfield code="l">1</subfield>
    <subfield code="m">1</subfield>
    <subfield code="o">410.7</subfield>
    <subfield code="p">C02359</subfield>
    <subfield code="r">2018-07-23 00:00:00</subfield>
    <subfield code="s">2018-05-18</subfield>
    <subfield code="w">2018-02-13</subfield>
    <subfield code="y">BOOK</subfield>
  </datafield>
</record>
